00281cam a22000857a 4500008004000000100003500040245006600075260004500141300000900186180718b1962 xxu||||| |||| 00| 0 eng d aIndia. Rajya Sabha Secretariat aRajya Sabha debates, Vol. XXXIX, Nos. 1-6 (14 - 20 June 1962) aNew DelhibRajya Sabha Secretariatc1962 av.p.